000 00440nam a2200145Ia 4500
003 sisc
005 20180307161224.0
008 180305s9999 xx 000 0 und d
020 _a1568217986
100 _aLevy, Steven T.
245 _cSteven T. Levy
_aPrinciple of Interpretation:
_bMastering Clear and Concise Interventions in Psychotherapy/
260 _aLondon
_bJason Aronson Inc.
_c2002
300 _aiv, 219 Pages
942 _2lcc
_cBK
999 _c356085
_d356085